000 00560nam a2200205 4500
001 85433
003 BD-RjUL
005 20250804114918.0
008 250804s1963 pk ||||| |||| 00| 0 urd d
035 _a(BD-RjUL)85433
040 _aBD-RjUL
_beng
_cBD-RjUL
041 _aurd
082 _223
_a891.4391
_bSOT 1963
100 _aع۰م۰ سوز
_916448
245 _aتمہاری باتیں / tamahari batin /
_csoj;; ع۰م۰ سوز
260 _aKarachi :
_bMaktubai Mahole ,
_c1963
300 _a136 p. ;
_c20 cm
650 _apotry
942 _2ddc
_cBK
999 _c85433
_d85433